[Event "Mostoles op 11th"]
[Site "Mostoles"]
[Date "2022.07.17"]
[Round "1"]
[White "Jimenez Gallego, Rafael"]
[Black "Martin Garcia, Luis I"]
[Result "0-1"]
[WhiteElo "1344"]
[BlackElo "1825"]
[PlyCount "79"]
[EventDate "2022.07.17"]
[EventType "swiss"]
[EventRounds "9"]
[EventCountry "ESP"]
[SourceTitle "EXT 2024"]
[Source "ChessBase"]
[SourceDate "2023.10.10"]
[SourceVersion "1"]
[SourceVersionDate "2023.10.10"]
[SourceQuality "1"]

1. e4 e6 2. Nc3 d5 3. exd5 exd5 4. d4 Bb4 5. Bd2 Nf6 6. Nf3 0-0 7. Be2 Bg4 8. 0-0 c6 9. a3 Bd6 10. h3 Bh5 11. Qc1 Qc7 12. Bg5 Nbd7 13. Qd1 Rfe8 14. Re1 h6 15. Be3 Bf4 16. Bxf4 Qxf4 17. Qd3 Ne4 18. g3 Qd6 19. Kg2 Bg6 20. Qd1 Ndf6 21. Nh4 Bh7 22. Bd3 Re6 23. Re3 Rae8 24. Ne2 c5 25. dxc5 Qxc5 26. b4 Qb6 27. c3 Nxf2 28. Bxh7+ Kxh7 29. Rxe6 Rxe6 30. Qc2+ N2e4 31. Nd4 Re8 32. Nhf5 g6 33. Ne3 Qc7 34. Nf1 Nxc3 35. Rc1 Nfe4 36. Nb5 Qb6 37. Nxc3 Nxc3 38. Qd3 Re2+ 39. Qxe2 Nxe2 40. Nd2 0-1

[Event "Madrid San Viator op-B 26th"]
[Site "Madrid"]
[Date "2016.04.17"]
[Round "3"]
[White "Raya Rodriguez, Juan"]
[Black "Jimenez Gallego, Rafael"]
[Result "1-0"]
[WhiteElo "1649"]
[BlackElo "1446"]
[PlyCount "71"]
[EventDate "2016.04.03"]
[EventType "swiss"]
[EventRounds "9"]
[EventCountry "ESP"]
[SourceTitle "EXT 2017"]
[Source "ChessBase"]
[SourceDate "2016.10.25"]
[SourceVersion "1"]
[SourceVersionDate "2016.10.25"]
[SourceQuality "1"]

1. d4 d5 2. c4 dxc4 3. Nf3 e6 4. g3 Bd7 5. Bg2 c6 6. 0-0 Nf6 7. Nbd2 b5 8. a4 bxa4 9. Rxa4 Be7 10. Ne5 Nd5 11. Ndxc4 0-0 12. Qb3 f6 13. Nxd7 Nxd7 14. Qb7 Qc7 15. Qxc7 Nxc7 16. Bxc6 Rad8 17. Rxa7 Nb8 18. Rxc7 Nxc6 19. Rxc6 Rxd4 20. Be3 Rdd8 21. Rxe6 Rfe8 22. Ra1 Kf7 23. Rb6 Rb8 24. Rxb8 Rxb8 25. Ra7 Ke6 26. Bd4 Rc8 27. Ne3 Rd8 28. Bc3 g5 29. Ra6+ Kf7 30. Nf5 Rd7 31. Nxe7 Rxe7 32. Rxf6+ Kg8 33. e3 Rd7 34. Bd4 Rc7 35. b4 Rb7 36. Rb6 1-0

[Event "Madrid San Viator op 24th"]
[Site "Madrid"]
[Date "2015.03.22"]
[Round "1"]
[White "Bermejo Jimenez, Adolfo"]
[Black "Jimenez Gallego, Rafael"]
[Result "1/2-1/2"]
[WhiteElo "1419"]
[BlackElo "1544"]
[PlyCount "35"]
[EventDate "2015.03.22"]
[EventType "swiss"]
[EventRounds "9"]
[EventCountry "ESP"]
[SourceTitle "EXT 2016"]
[Source "ChessBase"]
[SourceDate "2015.10.08"]
[SourceVersion "1"]
[SourceVersionDate "2015.10.08"]
[SourceQuality "1"]

1. e4 e5 2. Nf3 d6 3. d4 exd4 4. Nxd4 Bd7 5. Bc4 Be7 6. 0-0 Nf6 7. Nc3 0-0 8. Re1 Nc6 9. Be3 a6 10. a3 Nxd4 11. Bxd4 Bc6 12. f3 h6 13. Qe2 Re8 14. Qf2 d5 15. exd5 Nxd5 16. Nxd5 Bxd5 17. Bxd5 Qxd5 18. Re5 1/2-1/2

[Event "Madrid San Viator op 22nd"]
[Site "Madrid"]
[Date "2014.05.11"]
[Round "6"]
[White "Jimenez Gallego, Rafael"]
[Black "Barragan Panal, Juan Jose"]
[Result "1-0"]
[WhiteElo "1455"]
[BlackElo "1630"]
[PlyCount "113"]
[EventDate "2014.03.23"]
[EventType "swiss"]
[EventRounds "9"]
[EventCountry "ESP"]
[SourceTitle "EXT 2015"]
[Source "ChessBase"]
[SourceDate "2014.11.20"]
[SourceVersion "1"]
[SourceVersionDate "2014.11.20"]
[SourceQuality "1"]

1. Nf3 Nf6 2. Nc3 d5 3. d4 Bf5 4. e3 e6 5. Bd3 Bg6 6. 0-0 Nbd7 7. Re1 Ne4 8. Bxe4 dxe4 9. Nd2 f5 10. f3 Bh5 11. Rf1 g5 12. Qe1 exf3 13. Nxf3 g4 14. Nd2 Bg7 15. Ne2 Qe7 16. Nf4 Bg6 17. c3 Nf6 18. e4 fxe4 19. Nxg6 hxg6 20. Nxe4 Nxe4 21. Qxe4 0-0-0 22. Qxg4 Rdf8 23. Rxf8+ Bxf8 24. Qxg6 Qh4 25. Qxe6+ Kd8 26. Qe5 Rh5 27. Qg3 Qxg3 28. hxg3 Bd6 29. Bf4 Rh8 30. Bxd6 cxd6 31. Re1 Rg8 32. Re3 Kd7 33. Kf2 Rf8+ 34. Rf3 Rg8 35. Rf4 Ke6 36. Kf3 Rg7 37. g4 Kd5 38. b3 b5 39. Rf5+ Kc6 40. g5 a5 41. Kf4 b4 42. cxb4 axb4 43. Rf6 Kd5 44. g6 Kxd4 45. Rxd6+ Kc3 46. Kf5 Ra7 47. Rc6+ Kb2 48. Re6 Kxa2 49. Re3 Ra5+ 50. Kf6 Ra6+ 51. Re6 Ra8 52. g7 Kxb3 53. Kf7 Ka2 54. g8Q Rxg8 55. Kxg8 b3 56. g4 b2 57. Rb6 1-0

[Event "Madrid San Viator op 22nd"]
[Site "Madrid"]
[Date "2014.04.06"]
[Round "3"]
[White "Padin Lazaro, Jose Manuel"]
[Black "Jimenez Gallego, Rafael"]
[Result "1-0"]
[WhiteElo "1862"]
[BlackElo "1455"]
[PlyCount "73"]
[EventDate "2014.03.23"]
[EventType "swiss"]
[EventRounds "9"]
[EventCountry "ESP"]
[SourceTitle "EXT 2015"]
[Source "ChessBase"]
[SourceDate "2014.11.20"]
[SourceVersion "1"]
[SourceVersionDate "2014.11.20"]
[SourceQuality "1"]

1. e4 e5 2. Nf3 d6 3. d4 exd4 4. Nxd4 Bd7 5. Bc4 Nf6 6. Nc3 Nc6 7. Be3 Be7 8. f3 0-0 9. Nxc6 Bxc6 10. Qd2 Nd7 11. 0-0-0 Ne5 12. Bb3 b5 13. Bd5 Bxd5 14. Nxd5 Nc4 15. Qd3 Nxe3 16. Qxe3 c6 17. Nxe7+ Qxe7 18. Qc3 Qg5+ 19. Kb1 Qc5 20. Rd3 Qxc3 21. Rxc3 c5 22. Rd3 Rad8 23. Rhd1 Rfe8 24. a4 b4 25. Rxd6 Rxd6 26. Rxd6 f5 27. exf5 Re1+ 28. Ka2 Re2 29. Rd8+ Kf7 30. Rd7+ Kf6 31. g4 Rxh2 32. Rc7 Rd2 33. a5 Rd6 34. Rxc5 g6 35. fxg6 hxg6 36. Rb5 Rd3 37. a6 1-0